<?xml version="1.0" encoding="UTF-8"?>
<record
    xmlns:xsi="http://www.w3.org/2001/XMLSchema-instance"
    xsi:schemaLocation="http://www.loc.gov/MARC21/slim http://www.loc.gov/standards/marcxml/schema/MARC21slim.xsd"
    xmlns="http://www.loc.gov/MARC21/slim">

  <leader>02000nam a22002177a 4500</leader>
  <controlfield tag="005">20220329153401.0</controlfield>
  <controlfield tag="008">220328b           ||||| |||| 00| 0 eng d</controlfield>
  <datafield tag="020" ind1=" " ind2=" ">
    <subfield code="a">9783527332687</subfield>
  </datafield>
  <datafield tag="040" ind1=" " ind2=" ">
    <subfield code="c">AL</subfield>
  </datafield>
  <datafield tag="041" ind1=" " ind2=" ">
    <subfield code="a">eng</subfield>
  </datafield>
  <datafield tag="082" ind1=" " ind2=" ">
    <subfield code="2">23</subfield>
    <subfield code="a">660.2995</subfield>
    <subfield code="b">CHOC</subfield>
  </datafield>
  <datafield tag="100" ind1=" " ind2=" ">
    <subfield code="a">Chorkendorff I</subfield>
    <subfield code="9">26344</subfield>
  </datafield>
  <datafield tag="245" ind1=" " ind2=" ">
    <subfield code="a">Concepts of Modern Catalysis and Kinetics</subfield>
    <subfield code="b">Third,Completely Revised and Enlarged Edition</subfield>
  </datafield>
  <datafield tag="260" ind1=" " ind2=" ">
    <subfield code="a">Germany</subfield>
    <subfield code="b">Wiley -VCH</subfield>
    <subfield code="c">2017</subfield>
  </datafield>
  <datafield tag="300" ind1=" " ind2=" ">
    <subfield code="a">xviii,505p.</subfield>
    <subfield code="b">PB</subfield>
    <subfield code="c">24.5x17cm.</subfield>
  </datafield>
  <datafield tag="365" ind1=" " ind2=" ">
    <subfield code="2">General</subfield>
    <subfield code="a">6556</subfield>
    <subfield code="b">&#x20B9;7667.63</subfield>
    <subfield code="c">&#x20B9;</subfield>
    <subfield code="d">&#x20B9;9830.30</subfield>
    <subfield code="e">22%</subfield>
    <subfield code="f">19/03/2022</subfield>
  </datafield>
  <datafield tag="520" ind1=" " ind2=" ">
    <subfield code="a">In the past 12 years since its publication, Concepts of Modern Catalysis and Kinetics has become a standard textbook for graduate students at universities worldwide. Emphasizing fundamentals from thermodynamics, physical chemistry, spectroscopy, solid state chemistry and quantum chemistry, it introduces catalysis from a molecular perspective, and stresses how it is interwoven with the field of reaction kinetics. The authors go on to explain how the world of reacting molecules is connected to the real world of industry, by discussing the various scales (nano - micro - macro) that play a role in catalysis. Reflecting the modern-day focus on energy supplies, this third edition devotes attention to such processes as gas-to-liquids, coal-to-liquids, biomass conversion and hydrogen production.From reviews of the prior editions:Overall, this is a valuable book that I will use in teaching undergraduates and postgraduates.'(Angewandte Chemie - I. E.)'...this excellent book is highly recommended to students at technical universities, but also entrants in chemical industry. Furthermore, this informative handbook is also a must for all professionals in the community.'
(AFS)'I am imressed by the coverage of the book and it is a valuable addition to the catalysis literature and I highly recommend purchase'(Energy Sources)</subfield>
  </datafield>
  <datafield tag="650" ind1=" " ind2=" ">
    <subfield code="2">Chemical engineering</subfield>
  </datafield>
  <datafield tag="700" ind1=" " ind2=" ">
    <subfield code="a">Niemantsverdriet J.W</subfield>
    <subfield code="9">26345</subfield>
  </datafield>
  <datafield tag="942" ind1=" " ind2=" ">
    <subfield code="2">ddc</subfield>
    <subfield code="c">BK</subfield>
  </datafield>
  <datafield tag="999" ind1=" " ind2=" ">
    <subfield code="c">222060</subfield>
    <subfield code="d">222060</subfield>
  </datafield>
  <datafield tag="952" ind1=" " ind2=" ">
    <subfield code="0">0</subfield>
    <subfield code="1">0</subfield>
    <subfield code="2">ddc</subfield>
    <subfield code="4">0</subfield>
    <subfield code="7">0</subfield>
    <subfield code="8">AC</subfield>
    <subfield code="a">SACPG</subfield>
    <subfield code="b">SACPG</subfield>
    <subfield code="d">2022-03-21</subfield>
    <subfield code="e">Biblios Book Point</subfield>
    <subfield code="g">7667.63</subfield>
    <subfield code="l">1</subfield>
    <subfield code="o">660.2995 CHOC</subfield>
    <subfield code="p">PG023912</subfield>
    <subfield code="r">2026-02-24 08:52:42</subfield>
    <subfield code="s">2026-02-12</subfield>
    <subfield code="v">9830.30</subfield>
    <subfield code="w">2022-03-19</subfield>
    <subfield code="y">BK</subfield>
  </datafield>
</record>
